[Event "Oslo ASKO op"]
[Site "Oslo"]
[Date "2006.11.24"]
[Round "5"]
[White "Husstad Nedberg, Benjamin"]
[Black "Snellingen, Jorn"]
[Result "0-1"]
[WhiteElo "1994"]
[BlackElo "1791"]
[PlyCount "88"]
[EventDate "2006.11.24"]
[EventType "swiss"]
[EventRounds "5"]
[EventCountry "NOR"]
[SourceTitle "EXT 2008"]
[Source "ChessBase"]
[SourceDate "2007.11.25"]
[SourceVersion "1"]
[SourceVersionDate "2007.11.25"]
[SourceQuality "1"]

1. d4 Nf6 2. c4 Nc6 3. Nf3 e6 4. Nc3 Bb4 5. Bd2 0-0 6. e3 d6 7. a3 Bxc3 8. Bxc3 Ne4 9. Qc2 Nxc3 10. Qxc3 Qf6 11. Bd3 e5 12. d5 Ne7 13. 0-0 Bg4 14. Nd2 Qh6 15. f4 f5 16. fxe5 Qxe3+ 17. Kh1 Qxe5 18. Qc2 Rae8 19. Rae1 Qf6 20. Re6 Qh4 21. Nf3 Bxf3 22. Rxf3 Ng6 23. g3 Qh5 24. Rxf5 Rxf5 25. Bxf5 Rf8 26. g4 Qh3 27. Qd3 Qh4 28. Qg3 Qg5 29. Bxg6 hxg6 30. Re1 Qd2 31. Qc3 Qf4 32. Qd3 Qxg4 33. Rg1 Qf5 34. Qxf5 gxf5 35. Kg2 Kf7 36. Kf3 Re8 37. Rc1 Re5 38. b4 g5 39. c5 dxc5 40. Rxc5 c6 41. Ra5 a6 42. dxc6 Rxa5 43. c7 Rxa3+ 44. Ke2 Rc3 0-1